| 000 | 00518nam a22001817a 4500 | ||
|---|---|---|---|
| 003 | NUST - PNEC | ||
| 005 | 20170116180810.0 | ||
| 008 | 150428b xxu||||| |||| 00| 0 eng d | ||
| 020 | _a9789699110337 | ||
| 040 | _cLIBRARY | ||
| 082 | _a297.2 RAM | ||
| 100 |
_93296 _aRamzi, Kashcholar |
||
| 245 |
_aIslam me safai ka tasawar : Jamia rehnuma e taharat _cRamzi Kashcholar |
||
| 260 |
_aIslamabad: _bHarmony Publications, |
||
| 300 |
_a186 p. : _c22 cm. |
||
| 650 |
_93297 _aIslam, Taharat _xGeneral |
||
| 942 |
_2ddc _cBK |
||
| 999 |
_c63349 _d63349 |
||